Customer service :career success through customer loyalty. / (Record no. 2820)

MARC details
000 -LEADER
fixed length control field 01764cam a2200361 a 4500
001 - CONTROL NUMBER
control field 15981609
003 - CONTROL NUMBER IDENTIFIER
control field OSt
005 - DATE AND TIME OF LATEST TRANSACTION
control field 20210414114212.0
008 - FIXED-LENGTH DATA ELEMENTS--GENERAL INFORMATION
fixed length control field 091112s2011 njua b 001 0 eng
010 ## - LIBRARY OF CONGRESS CONTROL NUMBER
LC control number 2009047554
015 ## - NATIONAL BIBLIOGRAPHY NUMBER
National bibliography number GBA9A8150
Source bnb
016 7# - NATIONAL BIBLIOGRAPHIC AGENCY CONTROL NUMBER
Record control number 015414568
Source Uk
020 ## - INTERNATIONAL STANDARD BOOK NUMBER
International Standard Book Number 9780135063972 (alk. paper)
020 ## - INTERNATIONAL STANDARD BOOK NUMBER
International Standard Book Number 0135063973 (alk. paper)
035 ## - SYSTEM CONTROL NUMBER
System control number (OCoLC)ocn465363831
040 ## - CATALOGING SOURCE
Original cataloging agency DLC
Transcribing agency DLC
Modifying agency YDX
-- UKM
-- YDXCP
-- DLC
050 00 - LIBRARY OF CONGRESS CALL NUMBER
Classification number HF5415.5.T513
082 00 - DEWEY DECIMAL CLASSIFICATION NUMBER
Classification number 658.8/12
Edition number 22
100 1# - MAIN ENTRY--PERSONAL NAME
Personal name Timm, Paul R.
245 10 - TITLE STATEMENT
Title Customer service :career success through customer loyalty. /
Statement of responsibility, etc. Paul R. Timm.
250 ## - EDITION STATEMENT
Edition statement 5th ed.
260 ## - PUBLICATION, DISTRIBUTION, ETC.
Place of publication, distribution, etc. Upper Saddle River, N.J. :
Name of publisher, distributor, etc. Prentice Hall,
Date of publication, distribution, etc. c2011.
300 ## - PHYSICAL DESCRIPTION
Extent xii, 226 p. :
Other physical details ill. ;
Dimensions 26 cm.
504 ## - BIBLIOGRAPHY, ETC. NOTE
Bibliography, etc. note Includes bibliographical references and index.
505 0# - FORMATTED CONTENTS NOTE
Formatted contents note Contents: Know why service matters -- Use behaviors that engage your customers -- Listen to your customer (a big "little thing") -- Use the telephone well for good service -- Use friendly web sites and electronic communication -- Recognize and deal with customer turnoffs -- Insight into emerging trends in customer service -- Get customer feedback -- Recover the potentially lost customer -- Exceed expectations with value -- Exceed customer expectations with information -- Exceed customer expectations with convenience and timing -- Dealing with emotional labor -- Get employees to give great service.
650 #0 - SUBJECT ADDED ENTRY--TOPICAL TERM
Topical term or geographic name entry element Customer services.
650 #0 - SUBJECT ADDED ENTRY--TOPICAL TERM
Topical term or geographic name entry element Consumer satisfaction.
650 #0 - SUBJECT ADDED ENTRY--TOPICAL TERM
Topical term or geographic name entry element Customer relations.
650 #0 - SUBJECT ADDED ENTRY--TOPICAL TERM
Topical term or geographic name entry element Success in business.
906 ## - LOCAL DATA ELEMENT F, LDF (RLIN)
a 7
b cbc
c orignew
d 1
e ecip
f 20
g y-gencatlg
942 ## - ADDED ENTRY ELEMENTS (KOHA)
Source of classification or shelving scheme Library of Congress Classification
Koha item type Books
Holdings
Withdrawn status Lost status Source of classification or shelving scheme Damaged status Not for loan Home library Current library Shelving location Date acquired Total Checkouts Full call number Barcode Date last seen Copy number Price effective from Koha item type
    Library of Congress Classification     WISCONSIN INTERNATIONAL UNIVERSITY COLLEGE, GHANA - MAIN LIBRARY WISCONSIN INTERNATIONAL UNIVERSITY COLLEGE, GHANA - MAIN LIBRARY CC 09/04/2014   HF5415.5 .T513 828/021/13 09/04/2014 2 09/04/2014 Books
    Library of Congress Classification     WISCONSIN INTERNATIONAL UNIVERSITY COLLEGE, GHANA - MAIN LIBRARY WISCONSIN INTERNATIONAL UNIVERSITY COLLEGE, GHANA - MAIN LIBRARY CC 09/04/2014   HF5415.5 .T5131 853/044/13 09/04/2014 2 09/04/2014 Books

If you have any concerns or questions; kindly contact the library


© Powered by WIUC ICT DIRECTORATE